| 000 | 00329nam a22001337a 4500 | ||
|---|---|---|---|
| 020 | _a9781107619210 | ||
| 082 |
_a551.6 _bCOW/CL |
||
| 100 |
_aCowie Jonathan _9387 |
||
| 245 | _aClimate Change: Biological and Human Aspects | ||
| 250 | _a2 | ||
| 260 |
_aNew Delhi _bCambridge University Press _c2013 |
||
| 300 | _a558 | ||
| 942 | _cBK | ||
| 999 |
_c14284 _d14284 |
||